HOW THINGS WORK IN YOUR HOME,AND WHAT TO DO WHEN THEY DONT/ (Record no. 9818)
[ view plain ]
| 000 -LEADER | |
|---|---|
| fixed length control field | 00555nam a22001697a 4500 |
| 003 - CONTROL NUMBER IDENTIFIER | |
| control field | OSt |
| 005 - DATE AND TIME OF LATEST TRANSACTION | |
| control field | 20251117093404.0 |
| 008 - FIXED-LENGTH DATA ELEMENTS--GENERAL INFORMATION | |
| fixed length control field | 251117b |||||||| |||| 00| 0 eng d |
| 020 ## - INTERNATIONAL STANDARD BOOK NUMBER | |
| International Standard Book Number | 0030036720 |
| 040 ## - CATALOGING SOURCE | |
| Transcribing agency | HOLT, RINEHART AND WISTON |
| 050 ## - LIBRARY OF CONGRESS CALL NUMBER | |
| Classification number | TH 4817.3 .H677 1985 |
| Item number | .H677 1985 |
| 245 ## - TITLE STATEMENT | |
| Title | HOW THINGS WORK IN YOUR HOME,AND WHAT TO DO WHEN THEY DONT/ |
| Statement of responsibility, etc. | PORTER, JOHN PAUL |
| 250 ## - EDITION STATEMENT | |
| Edition statement | 1ST EDITION |
| 260 ## - PUBLICATION, DISTRIBUTION, ETC. | |
| Place of publication, distribution, etc. | NEWYORK: |
| Name of publisher, distributor, etc. | HOLT,RINEHART AND WINSTON, |
| Date of publication, distribution, etc. | 1985 |
| 300 ## - PHYSICAL DESCRIPTION | |
| Extent | 368 pages, |
| Other physical details | hardcover, ill.:som col, includes index, |
| Dimensions | 25.7cm |
| 942 ## - ADDED ENTRY ELEMENTS (KOHA) | |
| Source of classification or shelving scheme | Library of Congress Classification |
| Koha item type | Books |
| Suppress in OPAC | No |
No items available.